Loss prevention : a management guide to improving retail security /

Bibliographic Details
Other Authors: Daykin, Len, Cohen, Harold
Format: Book
Language:English
Published: New York : Progressive Grocer Co., [1981]
Subjects:

MARC

Tag First Indicator Second Indicator Subfields
LEADER 00000pam a2200000 a 4500
001 in00000071430
005 20151008062223.0
008 810226s1981 nyua b 00100 eng
010 |a  81001471  
020 |a 0911790519 
035 |a (OCoLC)07271985 
035 |9 AAJ9763AM 
039 0 |a 2  |b 3  |c 3  |d 3  |e 3 
040 |a DLC  |c DLC  |d TXA  |d UtOrBLW 
049 |a TXAM  |c [932527] 
050 0 0 |a HV8290  |b .D38 
082 0 |a 658.8/7  |2 19 
090 |a HV8290  |b .L46 
245 0 0 |a Loss prevention :  |b a management guide to improving retail security /  |c edited by Len Daykin. 
264 1 |a New York :  |b Progressive Grocer Co.,  |c [1981] 
264 4 |c ©1981 
300 |a vi, 226 pages :  |b illustrations ;  |c 24 cm. 
336 |a text  |b txt  |2 rdacontent 
337 |a unmediated  |b n  |2 rdamedia 
338 |a volume  |b nc  |2 rdacarrier 
500 |a "Based on ... The crime that no one talks about, by Harold Cohen and compiled and edited by Len Daykin"--Verso title page. 
500 |a Includes index. 
504 |a Bibliography: pages 221-222. 
650 0 |a Retail trade  |x Security measures. 
700 1 |a Daykin, Len. 
700 1 |a Cohen, Harold.  |t Crime that no one talks about. 
999 |a MARS 
999 f f |s 11a06ff2-ec72-3972-97b6-918e2fa6a416  |i 646362c1-051a-32fd-a8f7-52aad73b17a1  |t 0 
952 f f |p ric  |a Texas A&M University  |b Rellis Campus  |c Joint Library Facility  |d Remote Storage  |t 0  |e HV8290 .L46  |h Library of Congress classification  |i unmediated -- volume  |m A14806147166 
998 f f |a HV8290 .L46  |t 0  |l Remote Storage